00377 2200157 4500001002100000005001500021035002000036245003300056100001400089300002800103260003200131082000800163084001400171020002200185990001200207INLIS00000000000315820251126102840 a0010-11250000191 aSi Anak Spesial /cTere Liye0 aTere Liye a333 hlm ;c14 x 19,5 cm aJakarta :bRepublika,c2018 a813 a813 TER s a978-602-5734-44-1 a0754566